| LEADER 00000nam 2200000uu 4500 |
| 001 13399109744 |
| 003 ULIBM |
| 008 020711s2538 th a 000 0 tha d |
| 020 ^a9746311913
|
| 082 ^a025.32^bส462ก
|
| 100 ^aสุภาพร ดุษฎีพฤฒิพันธุ์.
|
| 245 ^aการทำบัตรรายการหนังสือตามหลักเกณฑ์ AACR 2 /^cโดย สุภาพร ดุษฏีพฤฒิพันธุ์.
|
| 260 ^aจุฬาลงกรณ์มหาวิทยาลัย :^bกรุงเทพฯ,^c2538.
|
| 300 ^a872 หน้า :^bภาพประกอบ ;^c2538.
|
| 650 0 ^a หลักเกณฑ์การลงรายการแบบแองโกลอเมริกัน.
|
| 650 0 ^aการทำบัตรรายการ^xหลักเกณฑ์ .
|
| 945 ^p0^l0^i23170
|
| 999 ^akanya
|
หนังสือดีน่าอ่าน

“ดั่งดวงแก้ว ส่องสว่าง ทางสายงาม”
จัดทำขึ้นเพื่อเฉลิมพระเกียรติ สมเด็จพระเทพรัตนราชสุดา ฯ สยามบรมราชกุมารี
เนื่องในโอกาสมหามงคลเฉลิมพระชนมพรรษา ๕ รอบ ๒ เมษายน ๒๕๕๘
โดยหนังสือเล่มนี้ได้รวบรวม ๖๐ พระอัจฉริยภาพของสมเด็จพระเทพ ฯ
ผู้อ่านจะได้รับแรงบันดาลใจให้พากเพียรเรียนรู้และขยันอดทนทำการงาน
ตามรอยเบื้องพระยุคลบาท เพราะพระองค์ทรงเป็นแบบอย่างอันดีเยี่ยมในทุกด้าน
ทั้งในความใฝ่รู้ใฝ่เรียน คุณธรรมจริยธรรม พระวิริยอุตสาหะในการทรงงาน
และอื่นๆอีกมากมาย ล้วนสามารถสร้างแรงบันดาลใจให้แก่เด็กและเยาวชน
อีกทั้งประชาชนทั่วไป ให้พากเพียรเรียนรู้และขยันอดทนทำการงานตามรอยพระยุคลบาท
เพื่อฝึกฝนตนเองให้เป็นคนดีคนเก่งของครอบครัวและสังคมต่อไป